MARC details
| 000 -CABECERA |
| campo de control de longitud fija |
02081nam a22002057a 4500 |
| 008 - DATOS DE LONGITUD FIJA--INFORMACIÓN GENERAL |
| campo de control de longitud fija |
251120b |||||||| |||| 00| 0 eng d |
| 020 ## - NÚMERO INTERNACIONAL ESTÁNDAR DEL LIBRO |
| Número Internacional Estándar del Libro |
9781804543887 |
| 040 ## - FUENTE DE LA CATALOGACIÓN |
| Centro/agencia transcriptor |
tbs |
| 041 ## - CÓDIGO DE LENGUA |
| Código de lengua del texto/banda sonora o título independiente |
eng |
| Código de lengua original |
dut |
| 050 ## - SIGNATURA TOPOGRÁFICA DE LA BIBLIOTECA DEL CONGRESO |
| Número de clasificación |
PT5838.H45 |
| Número de documento/Ítem |
W613 1989 |
| 100 ## - ENTRADA PRINCIPAL--NOMBRE DE PERSONA |
| Nombre de persona |
Haasse, Hella S. |
| Fechas asociadas al nombre |
1918-2011 |
| 9 (RLIN) |
26553 |
| Término indicativo de función/relación |
author |
| 240 ## - TÍTULO UNIFORME |
| Título uniforme |
Het woud der verwachting. |
| Lenguaje de la obra |
English. |
| 245 ## - MENCIÓN DE TÍTULO |
| Título |
In a dark wood wandering |
| Mención de responsabilidad, etc. |
/ Hella S. Haasse ; introduction by Bart Van Loo. |
| 260 ## - PUBLICACIÓN, DISTRIBUCIÓN, ETC. |
| Lugar de publicación, distribución, etc. |
Dublin : |
| Nombre del editor, distribuidor, etc. |
Head of Zeus |
| Fecha de publicación, distribución, etc. |
2025. |
| 300 ## - DESCRIPCIÓN FÍSICA |
| Extensión |
xii, 581 pages : |
| Otras características físicas |
illustrations, genealogical tables, maps ; |
| Dimensiones |
20 cm. |
| 520 ## - SUMARIO, ETC. |
| Sumario, etc. |
During the late Middle Ages, conflict raged between France and England as they battled in pursuit of power, the throne and beyond. It became known as the Hundred Years' War.<br/><br/>Hella S. Haasse's epic masterpiece brings this period to vivid life, as the novel's infamous characters move across a panoramic tapestry woven together by criss-crossed bloodlines and intense rivalries. There is the mad King Charles VI and his heartless Bavarian wife Isabeau; the King's dashing brother Louis, Duke of Orléans and his sensitive Italian Duchess, Valentine. Their son, Charles, inherits a ferocious feud with the powerful and scheming Duke of Burgundy. Meanwhile, their bastard son becomes the right arm of Joan of Arc.<br/><br/>Charles of Orléans is the central character of this astonishing novel, a man caught up in deadly dynastic rivalries who survives because he is captured by the English at the Battle of Agincourt and made their prisoner for the next 25 years. In that time he perfects his craft as a writer and becomes one of the great French poets of the era.<br/><br/>In a narrative that spans decades, we also bear witness to the reign of three English Kings: Richard II, Henry IV, and Henry V, the brilliant leader of the English army, who changes the face of war at Agincourt.<br/><br/>First published in the Netherlands in 1949 and never out of print, In a Dark Wood Wandering is a timeless classic. |
| 600 #0 - PUNTO DE ACCESO ADICIONAL DE MATERIA--NOMBRE DE PERSONA |
| Nombre de persona |
Charles, d'Orléans |
| Fechas asociadas al nombre |
1394-1465 |
| 9 (RLIN) |
26554 |
| 650 #0 - PUNTO DE ACCESO ADICIONAL DE MATERIA--TÉRMINO DE MATERIA |
| Término de materia o nombre geográfico como elemento de entrada |
Middle Ages |
| Subdivisión de forma |
Fiction |
| 9 (RLIN) |
26555 |
| 942 ## - ELEMENTOS DE ENTRADA AGREGADA (KOHA) |
| Fuente del sistema de clasificación o colocación |
Clasificación de Library of Congress |